000 01120cam a22002054a 4500
005 20250605164045.0
008 250528s ||||||||||||||||||||||||d
035 _a17097
020 _a534981437
040 _aGR-AtMCL
_bgre
_dGR-AtMCL
_eAACR2
245 1 _aFundamental Statistics for the Behavioral Sciences / Second Edition
250 _a2nd
260 _bPws-Kent Publishing Company,
_c1989
300 _a372
520 _aIntroduction, Basic Concepts, Displaying Data, Percentiles, Measures of Central Tendency, Measures of Variability, The Normal Distribution, Basic Concepts of Probability, Correlation, Regression, Sampling Distributions and Hypothesis Testing, Hypothesis Tests Applied to Means, Power, One-Way Analysis of Variance, Factorial Analysis of Variance, Repeated-Measures Designs, Chi-Square, Nonparametric and Distribution-Free Statistical Tests, Choosing the Appropriate Analysis, Arithmetic Review, Symbols and Notation, Data Set, Statistical Tables, References, Answers to Selected Exercises, Index.
700 1 _aHowell David C
_93237
942 _cBK
999 _c2537
_d2537